000 00631nam a2200181Ia 4500
008 090630s9999 xx 000 0 und d
082 _b17288
100 _aवाळिंबे शरच्चंद्र.
245 _aदिलदार.
_cवाळिंबे शरच्चंद्र.
260 _bचंद्रमौळी - पुणे.
300 _a0
600 _aवाळिंबे शरच्चंद्र.
630 _aदिलदार.
655 _aकादंबरी.
700 _aवाळिंबे शरच्चंद्र.
730 _aदिलदार.
942 _cBOOK
999 _c269144
_d269144